Quizzes
Events
Quiz Creation
Community
Videos
Private Events
Remove Ads
Sign In
Join for FREE
Feedback
Dark Mode
Quiz Categories
Sports
Geography
Music
Movies
Television
Just For Fun
Miscellaneous
History
Literature
Language
Science
Gaming
Entertainment
Religion
Holiday
For Kids
Quiz Lab
Recent
Popular Today
Quiz Kudos Today
Editor Picks
Curator Picks
Quizzes by...
Day
Popularity
Type
Ratings
Length
Year
Community
Subscriptions
Recent Discussions
Orange Saloon
Badges
Playlists
Quests
Create
Leaderboards
Showdown
Live 5
Trivia Bingo
Activity
Puzzle Library
Sporcle Events
Private Events
Virtual Trivia
Globe League
Become a Host
Pub Owners
SporcleCon
Opinionation
Our Games
Videos
Blog
Mobile Apps
Partnerships
Remove Ads and Go Orange
Feedback
Miscellaneous
Crossword
General Knowledge
Baby Names
Logo
Food
Cars
Numbers
Grab Bag
University
College
Popular
Company
Slogans
Restaurants
Justice
Letter
Miscellaneous
Crossword
General Knowledge
Baby Names
Logo
Food
Cars
Numbers
Grab Bag
University
College
Popular
Company
Slogans
Restaurants
Justice
Letter
Random Quiz
Search Sporcle
×
Quiz Lab
Quiz Lab
Miscellaneous
Math
Type in answers that appear in a list
Type in answers that appear in a list
Classic
Best Score? Go Orange.
Factoring Level 2 Stats
Can you name the two binomial factors of each trinomial?
By
WolfpackMath
20m
30 Questions
147 Plays
147 Plays
147 Plays
Comments
Comments
Give Quiz Kudos
Give Quiz Kudos
-
- Ratings
hide this ad
More Info
Forced Order
Answers have to be entered in order
Answers have to be entered in order
Random Order
Randomize order of answers
Randomize order of answers
Replay
Link that replays current quiz
Next Quiz
Link to next quiz in quiz playlist
You Got
0%
They Got
Avg Score
40%
Avg Friend Score
Upgrade to see
Score Distribution
Jump to the score distribution portion of the page
Score
0/30
Timer
20:00
0
Plays Today
Trinomial
Binomial Factors
% Correct
2x^2 -
11x + 9
(2x-9)(x-1)
46.9%
5x^2 + 19x + 12
(5x+4)(x+3)
46.9%
2x^2 -
7x -
30
(2x+5)(x-6)
46.3%
2x^2 + 15x + 18
(2x+3)(x+6)
45.6%
3x^2 + 7x -
20
(3x-5)(x+4)
45.6%
2x^2 -
19x + 42
(2x-7)(x-6)
44.9%
3x^2 + 10x -
8
(3x-2)(x+4)
44.2%
5x^2 -
24x + 16
(5x-4)(x-4)
44.2%
4x^2 + 8x -
5
(2x+5)(2x-1)
43.5%
6x^2 -
23x -
4
(6x+1)(x-4)
42.9%
8x^2 + 10x + 3
(4x+3)(2x+1)
42.2%
3x^2 + 31x + 10
(3x+1)(x+10)
41.5%
6x^2 + 11x + 4
(3x+4)(2x+1)
40.8%
2x^2 -
5x -
12
(2x+3)(x-4)
40.8%
6x^2 -
11x + 5
(6x-5)(x-1)
40.8%
Trinomial
Binomial Factors
% Correct
3x^2 -
19x + 28
(3x-7)(x-4)
40.8%
3x^2 + 17x + 10
(3x+2)(x+5)
40.1%
5x^2 + 16x + 3
(5x+1)(x+3)
40.1%
4x^2 -
5x -
6
(4x+3)(x-2)
40.1%
3x^2 -
16x + 21
(3x-7)(x-3)
40.1%
6x^2 + x -
15
(3x+5)(2x-3)
39.5%
4x^2 + 39x + 27
(4x+3)(x+9)
39.5%
3x^2 -
16x -
12
(3x+2)(x-6)
38.8%
2x^2 -
5x -
18
(2x-9)(x+2)
38.1%
8x^2 -
22x + 15
(4x-5)(2x-3)
38.1%
3x^2 -
2x -
16
(3x-8)(x+2)
36.7%
3x^2 -
11x + 8
(3x-8)(x-1)
35.4%
9x^2 -
12x -
32
(3x+4)(3x-8)
34.7%
4x^2 -
20x + 21
(2x-3)(2x-7)
33.3%
10x^2 -
27x -
28
(2x-7)(5x+4)
32.7%
Quiz Playlist
Details
Report
Send in Message
Add To Playlist
More Info:
Example: x^2 + 6x + 8, Answer: (x+2)(x+4) Parentheses are not required, however.
Classic:
Type in answers that appear in a list
Forced Order:
Answers have to be entered in order
Random Order:
Randomize order of answers
Last Updated: Feb 16, 2019
Quiz Scoreboard
CHALLENGE
Sign Up to Join the Scoreboard
Show All
Scores
Hide
Comments
May contain spoilers
Recently Published
Movies - When Are They Set?
by FPL_Elf
Movies
5m
Popular People in 1961
by mucciniale
History
6m
1-10 Letter E Words III
by El_Dandy
Language
2m
More to Explore
Quiz From the Vault
Featured Blog Post
Where Did the Easter Bunny Come From?
hide this ad
You Might Also Like...
Tags
Math Quiz
algebra
mathematics
Today's Top Quizzes in Miscellaneous
Browse Miscellaneous
hide this ad
Today's Top Quizzes in Math
Browse Math
Top Contributed Quizzes in Miscellaneous
1
The JOE quick-fire general knowledge quiz: Day 173
2
The JOE quick-fire general knowledge quiz: Day 172
3
Sunday Crossword: Famous Bodies of Water
4
The JOE quick-fire general knowledge quiz: Day 171
5
One Thing in Common: United Kingdom II
6
Named After an Animal - Odd One Out!
7
sort kpop groups by number of members
8
The JOE quick-fire quiz: Day 170
9
Sunday Crossword: Themeless #5
10
Lays Potato Chip Flavour Contest Finalists
Explore More
Trending Topics
Crossword
Kpop
Marvel
Disney
NBA
Anime
Harry Potter
Song
Country
Soccer
The Office
Pokémon
Puzzle
NFL
WWE
hide this ad
More By:
WolfpackMath
Quiz
Plays
Rating
Category
Featured
Created
Chapter 6 - Always, Sometimes, or Never
1,233
3.00
Miscellaneous
Feb 7, 2012
Factoring Level 1
888
3.86
Miscellaneous
Mar 11, 2010
Chapter 6 - Properties
434
2.25
Miscellaneous
Jan 24, 2011
Solving Equations
237
4.33
Miscellaneous
Nov 20, 2012
Adding and Subtracting Fractions
156
5.00
Miscellaneous
Aug 19, 2013
Go to Creator's Profile
Score Distribution
Quiz Creator Spotlight
WolfpackMath
Follow
Send a Message
Quizzes Created
-
Created Quiz Play Count
-
More By This Creator
Popular Quizzes Today
1
Find the US States - No Outlines Minefield
2
Find the Countries of Europe - No Outlines Minefield
3
The Countries of the World
4
Popular People in 1961
5
1-10 Letter E Words III
6
US States
7
Find the US States
8
One Thing in Common: World Cities II
More Miscellaneous Quizzes
Crossword; Buffy the Vampire Slayer
Quiz Lab
Trending Quizzes
Risky Map Clicking: Least Populous States A-Z
1-10 Letter F Words
Humor Books: The Subtitles
1-10 Letter G Words
One Thing in Common: United Kingdom
Recently Updated
Leaping Animals
pecheneg
Reality TV Shows (A-Z)
bhenderson79
Rickey Henderson's Hall of Fame Teammates
pecheneg
Champions League XIs: Arsenal
pecheneg
Quick Pick: Celebrities in WWE's Hall of Fame
aduchscher
A-Z Keypad Blitz II
pecheneg
Multiple Oscar Actors
pecheneg
Mystery Phrase Blitz: Oscar 'Best Actors'
pecheneg
F. Scott Fitzgerald Novels
LTH
Pick 3 Villains
ddd62291
Trending Topics
Harry Potter
Kpop
Crossword
NBA
Anime
Disney
Marvel
The Office
WWE
Puzzle
Pokémon
Soccer
NFL
Song
Country
Your Account Isn't Verified!
In order to create a playlist on Sporcle, you need to verify the email address you used during registration. Go to your
Sporcle Settings
to finish the process.
Report this User
Report this user for behavior that violates our
Community Guidelines
.
Details:
Send Report
Go to the Sporcle.com Mobile Site →
Comments